Caníbales y reyes (Record no. 189261)

MARC details
000 -LEADER
campo de control de longitud fija 01076nam a2200313 i 4500
001 - NÚMERO DE CONTROL
campo de control 189261
003 - IDENTIFICADOR DE NÚMERO DE CONTROL
campo de control SpMaBN
005 - FECHA Y HORA DE LA ÚLTIMA TRANSACCIÓN
campo de control 20240105152612.0
008 - DATOS DE LONGITUD FIJA--INFORMACIÓN GENERAL
campo de control de longitud fija 190503s2011 sp |||| | spa d
020 ## - NÚMERO INTERNACIONAL ESTÁNDAR DEL LIBRO
Número Internacional Estándar del Libro 978-84-206-7431-5
080 ## - NÚMERO DE LA CLASIFICACIÓN DECIMAL UNIVERSAL
Número de la Clasificación Decimal Universal 930.85
080 ## - NÚMERO DE LA CLASIFICACIÓN DECIMAL UNIVERSAL
Número de la Clasificación Decimal Universal 316.423.2
100 1# - ENTRADA PRINCIPAL--NOMBRE DE PERSONA
Nombre de persona Harris, Marvin.
9 (RLIN) 61916
245 10 - MENCIÓN DEL TÍTULO
Título Caníbales y reyes
Resto del título : los orígenes de las culturas /
Mención de responsabilidad, etc. Marvin Harris ; [traducción de Horacio González Trejo].
250 ## - MENCION DE EDICION
Mención de edición 3ª ed.
260 ## - PUBLICACIÓN, DISTRIBUCIÓN, ETC.
Lugar de publicación, distribución, etc. Madrid :
Nombre del editor, distribuidor, etc. Alianza Editorial,
Fecha de publicación, distribución, etc. 2011.
300 ## - DESCRIPCIÓN FÍSICA
Extensión 355 p. ;
Dimensiones 18 cm.
490 1# - MENCIÓN DE SERIE
Mención de serie El libro de bolsillo.
-- Biblioteca de autor
490 1# - MENCIÓN DE SERIE
Mención de serie Harris ;
Designación de volumen o secuencia 2
504 ## - NOTA DE BIBLIOGRAFÍA, ETC.
Nota de bibliografía, etc. Bibliografía: p. 339-355.
650 04 - PUNTO DE ACCESO ADICIONAL DE MATERIA--TÉRMINO DE MATERIA
Término de materia o nombre geográfico como elemento de entrada Civilización-
Subdivisión general Historia
9 (RLIN) 11082
650 #7 - PUNTO DE ACCESO ADICIONAL DE MATERIA--TÉRMINO DE MATERIA
Término de materia o nombre geográfico como elemento de entrada Evolución social.
9 (RLIN) 150064
700 1# - ENTRADA AGREGADA--NOMBRE PERSONAL
Nombre de persona González Trejo, Horacio.
9 (RLIN) 58988
830 0# - PUNTO DE ACCESO ADICIONAL DE SERIE-TÍTULO UNIFORME
Título uniforme El libro de bolsillo.
-- Biblioteca de autor
9 (RLIN) 183741
830 0# - PUNTO DE ACCESO ADICIONAL DE SERIE-TÍTULO UNIFORME
Título uniforme Harris ;
Designación de volumen o secuencia 2
9 (RLIN) 193280
852 ## - LOCALIZACIÓN
Ubicación ES-MaACL
Número de control de estantería A-14551
itemnumber 196399
Sublocalización o colección R-152110
Ubicación en estantería Depósito 1
Signatura antigua Olim: N-7551
Donativo/Legado Donacion: Editorial
942 ## - ELEMENTOS DE ENTRADA SECUNDARIOS (KOHA)
Fuente del sistema de clasificación o colocación Clasificación decimal universal
Holdings
Estatus retirado Estado de pérdida Fuente del sistema de clasificación o colocación Estado de daño No para préstamo Biblioteca de origen Biblioteca actual Ubicación en estantería Fecha de adquisición Fuente de adquisición Total de préstamos Signatura topográfica completa Código de barras Visto por última vez Precio de reemplazo Tipo de ítem Koha
    Clasificación decimal universal     Biblioteca del Ateneo de Madrid Biblioteca del Ateneo de Madrid Depósito 1 03/05/2019 Donación   A-14551 1200483 23/02/2023 23/02/2023 Libro impreso